Sir Gawain and the green knight. A new verse translation Simon Armitage.

Tallennettuna:
Bibliografiset tiedot
Päätekijä: Armitage, Simon (translated)
Aineistotyyppi: Kirja
Julkaistu: New York, USA; London, United Kingdom: W.W. Norton & Company, 2007.
Painos:First American edition
Aiheet:
Tagit: Lisää tagi
Ei tageja, Lisää ensimmäinen tagi!

MARC

LEADER 00000nam a22000007a 4500
003 CL-VaPUC
005 20230330095015.0
008 230316t2007 ||||| |||| 00| 0 eng d
999 |c 440182  |d 440180 
020 |a 978-0-393-33415-9 
040 |c Pontificia Universidad Católica de Valparaíso 
082 0 4 |a 821 SIR 2007 
100 1 |a Armitage, Simon  |e translated  |9 880751 
245 1 0 |a Sir Gawain and the green knight.  |b A new verse translation Simon Armitage. 
250 |a First American edition 
260 |a New York, USA;  |a London, United Kingdom:  |b W.W. Norton & Company,  |c 2007. 
300 |a 198 páginas. 
500 |a c.1 Donación Literatura. Memo 3/2023. Educación 
583 |c 20230316  |k Catalogador Asistente 
650 0 |a Poesías inglesas  |9 265094 
650 0 |a Literatura inglesa  |9 312907 
942 |2 ddc  |c BK 
952 |0 0  |1 0  |2 ddc  |4 0  |6 821_000000000000000_SIR_2007  |7 0  |8 A  |9 589116  |a FDOPOS  |b FDOPOS  |d 2023-03-16  |e Donación  |i 5656810  |o 821 SIR 2007  |p 5656810  |r 2025-01-22  |t 1  |w 2023-03-16  |y BK  |k DLH